[Event "Iberoamerican-ch 9th"]
[Site "Panama City"]
[Date "2023.11.29"]
[Round "6"]
[White "Ferreira Araujo, Aldair Antonio"]
[Black "Lombana Franceschi, Diego Enrique"]
[Result "1-0"]
[WhiteElo "1889"]
[BlackElo "1130"]
[PlyCount "121"]
[EventDate "2023.11.25"]
[EventType "swiss"]
[EventRounds "9"]
[EventCountry "PAN"]
[SourceTitle "CBM 217 Extra"]
[Source "ChessBase"]
[SourceDate "2024.01.31"]
[SourceVersion "1"]
[SourceVersionDate "2024.01.31"]
[SourceQuality "1"]

1. e4 c5 2. c3 d5 3. exd5 Qxd5 4. d4 Nc6 5. Nf3 Bf5 6. Be2 Nf6 7. 0-0 e6 8. Be3 cxd4 9. cxd4 Bxb1 10. Qxb1 Ng4 11. Qc2 Be7 12. Bc4 Qh5 13. Bf4 0-0 14. h3 Nf6 15. Rad1 Nb4 16. Qe2 Nbd5 17. Bg3 Rac8 18. a3 Rfd8 19. Ba2 Bd6 20. Bxd6 Rxd6 21. Qe5 Rcd8 22. Rc1 Ne7 23. Rc7 Nc6 24. Qxh5 Nxh5 25. d5 exd5 26. Rxb7 g6 27. Rd1 Nf6 28. Nd4 Nxd4 29. Rxd4 R6d7 30. Rb5 Kf8 31. g4 g5 32. Rb3 h5 33. Rf3 Kg7 34. Rf5 hxg4 35. hxg4 Kg6 36. Bb1 Kg7 37. Rxg5+ Kf8 38. Rf5 Ne4 39. Ba2 Kg7 40. Rfxd5 Nf6 41. Rxd7 Rxd7 42. Rxd7 Nxd7 43. Kg2 f6 44. b4 Kf8 45. f4 Ke7 46. Kf3 Nb6 47. g5 fxg5 48. fxg5 Nd7 49. Kf4 Kf8 50. Kf5 Kg7 51. Be6 Nb6 52. Bb3 Nd7 53. a4 Nb8 54. Ke5 Nc6+ 55. Kd6 Nxb4 56. Bc4 Kg6 57. Kc5 a5 58. Kb5 Kxg5 59. Kxa5 Nc6+ 60. Kb6 Nb8 61. Kc7 1-0